000 00462nam a2200181Ia 4500
005 20240823005642.0
008 240823s9999||||xx |||||||||||||| ||und||
041 _aENGLISH
082 _A005.131 N0
100 _aKundra T K [etal]
245 0 _aNumerical Control and Computer Aided Manufacturing
250 _a1st
260 _c1990
_b"TMH,New Delhi"
500 _aISSUED
650 _aComputer Science
_bComputer Science
942 _cBK
999 _c156337
_d156337